000 00519nam a22001937a 4500
005 20251108172158.0
008 250721s1969 xx 000 0 ara d
082 1 4 _a740.7/معر
100 1 _aزريق، معروف
245 1 0 _aكيف تتعلم الرسم و تعلمه /
250 _aط2
264 1 _aدمشق :
_bدار الفكر،
_c1969.
300 _a255ص
650 1 7 _aالرسم
650 1 7 _aالدراسة
700 1 _aتنبكجي، محمد عدنان
942 _2ddc
_cBK
999 _c72414
_d72414